LDR 00698naa#a2200181#i#450# 001 EN\INFRA-M\bibl\122712 005 20260513185724.3 011 ## _a2587-9103 100 ## _a20260430b2026####ek#y0engy0150####ca 102 ## _aRU 200 1# _aEpistolary Heritage as a Component of the National Cultural Code _eJournal article 210 1# _aMoscow _cINFRA-M Academic Publishing LLC. _d2026 215 ## _a9 с. 608 ## _aJournal article _2local 675 ## _aЛингвистика. Языкознание. Языки. 81 _aВысшее образование. Высшая школа. Подготовка научных кадров. 378 _z 700 #1 _aKovaleva _gN. A. 700 #1 _aMartynova _gM. A. 856 4# _anaukaru.ru _u